00989nab a22002297a 4500999001500000003000400015005001700019008004100036040000700077100003200084245016300116260007300279300001500352500003600367505008100403650002300484650003900507650003000546650001500576773015500591942001300746 c6517d6517OSt20260219090208.0190429b xxu||||| |||| 00| 0 spa d cPJ 97122aCodon, Valeria Daiana13aLa extinción de la acción penal por reparación integral (art. 59 inc. 6 del Código Penal de la Nación) en el delito de robo /cValeria Daiana Codon. cCiudad Autónoma de Buenos Aires :aThomson Reuters La Ley, b2024. ap. 128-138 aCita: TR LALEY AR/DOC/1406/2024 tSi te interesa el texto completo, solicitalo a koha@justierradelfuego.gov.ar 09343aDERECHO PENAL 094057aEXTINCION DE LA ACCION PENAL 094077aREPARACION INTEGRAL 093183aROBO0 0265893164tRevista de derecho penal y criminología. Nº 7 - Julio 2024dCiudad Autónoma de Buenos Aires : Thomson Reuters La Ley, 2017-x00347914 2udccANA